000 00630nam a2200157 i 4500
001 185426
003 ES-MaACL
005 20230906222430.0
008 160602s1919 sp |||| | spa d
245 0 0 _aSesión necrológica en memoria del Excmo. señor Juan Martínez Añíbarro presidente de la Sección de Intereses económicos :
_b5 abril 1919.
260 _aMadrid :
_bReal Sociedad Económica Matritense de Amigos del País,
_c1919.
300 _a40 p. ;
_c24 cm.
600 0 4 _aMartínez Añibarro, Juan.
_977860
710 2 _aReal Sociedad Económica Matritense de Amigos del País.
_96389
852 _aES-MaACL
_j1572-F-25
999 _c185426
_d185426